|
|
|
|
| LEADER |
02411nam a22003973i 4500 |
| 001 |
EBC6886954 |
| 003 |
MiAaPQ |
| 005 |
20231204023221.0 |
| 006 |
m o d | |
| 007 |
cr cnu|||||||| |
| 008 |
231204s2022 xx o ||||0 eng d |
| 020 |
|
|
|a 9781800643048
|q (electronic bk.)
|
| 020 |
|
|
|z 9781800643031
|
| 035 |
|
|
|a (MiAaPQ)EBC6886954
|
| 035 |
|
|
|a (Au-PeEL)EBL6886954
|
| 035 |
|
|
|a (OCoLC)1299388777
|
| 040 |
|
|
|a MiAaPQ
|b eng
|e rda
|e pn
|c MiAaPQ
|d MiAaPQ
|
| 100 |
1 |
|
|a Aloni, Oz.
|
| 245 |
1 |
4 |
|a The Neo-Aramaic Oral Heritage of the Jews of Zakho.
|
| 250 |
|
|
|a 1st ed.
|
| 264 |
|
1 |
|a Cambridge, UK :
|b Open Book Publishers,
|c 2022.
|
| 264 |
|
4 |
|c Ã2022.
|
| 300 |
|
|
|a 1 online resource (370 pages)
|
| 336 |
|
|
|a text
|b txt
|2 rdacontent
|
| 337 |
|
|
|a computer
|b c
|2 rdamedia
|
| 338 |
|
|
|a online resource
|b cr
|2 rdacarrier
|
| 490 |
1 |
|
|a Semitic Languages and Cultures Series ;
|v v.11
|
| 505 |
0 |
|
|a Intro -- Contents -- Acknowledgements -- Introduction -- Chapter 1: Proverbs -- Chapter 2: Enriched Biblical Narratives -- Chapter 3: A Folktale -- Closing Remarks -- References -- Index.
|
| 520 |
|
|
|a Aloni focuses on three genres of the Zakho community's oral heritage: the proverb, the enriched biblical narrative and the folktale. Each chapter draws on the author's own fieldwork among members of the Zakho community now living in Jerusalem. He examines the proverb in its performative context, the rewritten biblical narrative of Ruth, Naomi and King David, and a folktale with the unusual theme of magical gender transformation. Insightfully breaking down these examples with analysis drawn from a variety of conceptual fields, Aloni succeeds in his mission to put the speakers of the language and their culture on equal footing with their speech.
|
| 588 |
|
|
|a Description based on publisher supplied metadata and other sources.
|
| 590 |
|
|
|a Electronic reproduction. Ann Arbor, Michigan : ProQuest Ebook Central, 2023. Available via World Wide Web. Access may be limited to ProQuest Ebook Central affiliated libraries.
|
| 655 |
|
4 |
|a Electronic books.
|
| 776 |
0 |
8 |
|i Print version:
|a Aloni, Oz
|t The Neo-Aramaic Oral Heritage of the Jews of Zakho
|d Cambridge, UK : Open Book Publishers,c2022
|z 9781800643031
|
| 797 |
2 |
|
|a ProQuest (Firm)
|
| 830 |
|
0 |
|a Semitic Languages and Cultures Series
|
| 856 |
4 |
0 |
|u https://ebookcentral.proquest.com/lib/matrademy/detail.action?docID=6886954
|z Click to View
|